000 00769nas a2200241 4500
001 BR8804217
003 BR-BrBNA
005 20231205091225.0
007 ta
008 230509b bl.|||p| |||| 00| 00por d
040 _aBR-BrBNA
_bpor
_cBiblioteca Nacional de Agricultura
041 _a(Pt)
072 _aL73; E14; D50
110 1 _aSecretaria Nacional de Defesa Agropecuaria, Brasilia, DF (Brasil)
_99180
245 1 _aPeste suina [combate, legislacao]
650 _aPESTE SUINA
650 _aERRADICACAO
650 _aPOLITICA GOVERNAMENTAL
650 _aLEGISLACAO
773 0 _tBoletim de Defesa Sanitaria Animal (Brazil)
_xISSN 0100-5855
_g(Dec 1979), v. 13(1-4) p. 133-146
_wBR8804217
909 _a202311
_bLúcia
_c55
_dLúcia Elande
942 _2AGRIS
_n0
_cANA
999 _c123677
_d123677